Les 20 gares les plus fréquentées de France - Statistiques

Statistiques générales
  • Ce quiz a été pris 748 fois
  • Le résultat moyen est 8 sur 20
Statistiques - réponses
Nombre de voyageurs annuel Gare % Correct
211 698 470 Paris Gare du Nord
95%
102 024 783 Paris Gare de Lyon
91%
56 862 435 Paris Montparnasse
84%
36 774 394 Paris Est
79%
102 910 589 Paris Saint-Lazare
70%
36 558 465 Lyon Part Dieu
66%
21 353 889 Bordeaux Saint-Jean
63%
19 515 861 Paris Austerlitz
59%
21 446 966 Strasbourg
48%
21 992 946 Lille Flandres
43%
35 649 320 La Défense
20%
26 902 902 Saint-Denis
16%
33 271 111 Juvisy-sur-Orge
13%
18 934 500 Versailles Chantiers
12%
21 728 297 Ermont - Eaubonne
8%
22 707 800 Aulnay-sous-Bois
5%
32 617 013 Haussmann Saint-Lazare
5%
33 045 860 Magenta
5%
22 763 184 Saint-Michel Notre-Dame
5%
22 986 683 Bibliothèque François Mitterrand
3%
Aucun quiz correspondant
Distribution des résultats
% des personnes avec chaque résultat
Percentile par nombre de réponses
Votre historique - résultats
Vous n’avez pas pris ce quiz